都市計画法の地域地区 - Statistics

General Stats
  • This quiz has been taken 8 times
  • The average score is 13 of 22
Answer Stats
Answer % Correct
用途地域 住居系 第一種低層住居専用地域
100%
用途地域 住居系 第二種低層住居専用地域
100%
用途地域 商業系 商業地域
100%
用途地域 工業系 準工業地域
100%
用途地域 工業系 工業地域
100%
用途地域 住居系 第一種中高層住居専用地域
75%
用途地域 住居系 第二種中高層住居専用地域
75%
用途地域 住居系 第一種住居地域
75%
用途地域 住居系 第二種住居地域
75%
用途地域 商業系 近隣商業地域
75%
用途地域 工業系 工業専用地域
75%
用途地域内の地域地区 高度地区
75%
用途地域 住居系 田園住居地域
50%
用途地域内の地域地区 高度利用地区
50%
用途地域 住居系 準住居地域
25%
用途地域内の地域地区 特別用途地区
25%
用途地域内の地域地区 高層住居誘導地区
25%
用途地域外の地域地区 特定用途制限地域
25%
その他の地域地区 特定街区
25%
その他の地域地区 防火・準防火地域
25%
その他の地域地区 景観地区
25%
その他の地域地区 風致地区
25%
No matching quizzes found
Score Distribution
Percent of People with Each Score
Percentile by Number Answered
Your Score History
You have not taken this quiz